[Event "FBL 1"]
[Site "?"]
[Date "2018.10.27"]
[Round "1.1"]
[White "Zatonskih, Anna"]
[Black "Melamed, Tatjana"]
[Result "1/2-1/2"]
[WhiteElo "2431"]
[BlackElo "2381"]
[PlyCount "31"]
[EventDate "2018.10.27"]
[EventType "team-tourn"]
[EventCountry "GER"]
[WhiteTeam "Baden Baden OSG"]
[BlackTeam "Koenigshofen SC"]
[WhiteTeamCountry "GER"]
[BlackTeamCountry "GER"]

1. d4 Nf6 2. Nf3 e6 3. c4 Bb4+ 4. Bd2 c5 5. Bxb4 cxb4 6. e3 O-O 7. Be2 d6 8.
O-O Nc6 9. a3 Re8 10. axb4 Nxb4 11. Nc3 Bd7 12. Ne1 e5 13. dxe5 dxe5 14. Nc2
Nxc2 15. Qxc2 Qc7 16. Rfd1 1/2-1/2

[Event "FBL 1"]
[Site "?"]
[Date "2018.10.27"]
[Round "1.2"]
[White "Schoene, Maria"]
[Black "Kovalevskaya, Ekaterina"]
[Result "0-1"]
[WhiteElo "2163"]
[BlackElo "2403"]
[PlyCount "62"]
[EventDate "2018.10.27"]
[EventType "team-tourn"]
[EventCountry "GER"]
[WhiteTeam "Koenigshofen SC"]
[BlackTeam "Baden Baden OSG"]
[WhiteTeamCountry "GER"]
[BlackTeamCountry "GER"]

1. e4 c5 2. Nf3 Nc6 3. d4 cxd4 4. Nxd4 e5 5. Nb5 d6 6. N1c3 a6 7. Na3 Be7 8.
Nc4 b5 9. Ne3 Nf6 10. a3 O-O 11. g3 Be6 12. Bg2 Qd7 13. O-O Rac8 14. f4 exf4
15. gxf4 Bh3 16. Rf2 Rfe8 17. Bxh3 Qxh3 18. Qd3 Bd8 19. Ned5 Qxd3 20. cxd3 Nxd5
21. Nxd5 Ne7 22. Nxe7+ Rxe7 23. Kg2 Bb6 24. Re2 Rec7 25. Be3 Bxe3 26. Rxe3 Rc2+
27. Kg3 Rxb2 28. d4 Kf8 29. Rd1 Rcc2 30. h3 Rg2+ 31. Kh4 Rbf2 0-1

[Event "FBL 1"]
[Site "?"]
[Date "2018.10.27"]
[Round "1.4"]
[White "Gvanceladze, Anna"]
[Black "Tammert, Iamze"]
[Result "1-0"]
[WhiteElo "2257"]
[BlackElo "2310"]
[PlyCount "101"]
[EventDate "2018.10.27"]
[EventType "team-tourn"]
[EventCountry "GER"]
[WhiteTeam "Koenigshofen SC"]
[BlackTeam "Baden Baden OSG"]
[WhiteTeamCountry "GER"]
[BlackTeamCountry "GER"]

1. e4 e6 2. Qe2 c5 3. g3 Nc6 4. Nf3 d6 5. Bg2 g6 6. O-O Bg7 7. c3 Nge7 8. d3 b6
9. Nbd2 Ba6 10. Rb1 Bb7 11. Re1 O-O 12. Nf1 Qc7 13. h4 h6 14. N1h2 Kh7 15. Ng4
f5 16. Ngh2 Rae8 17. h5 Qd7 18. Bd2 g5 19. b4 cxb4 20. cxb4 Ng8 21. b5 Nd4 22.
Nxd4 Bxd4 23. Be3 Bg7 24. g4 Nf6 25. f3 fxg4 26. fxg4 e5 27. a4 d5 28. Bf2 dxe4
29. dxe4 Bc8 30. Red1 Qe6 31. Bf3 Rf7 32. Rbc1 Ref8 33. Rd3 Bd7 34. Be1 Rc8 35.
Rdc3 Rxc3 36. Rxc3 Bf8 37. Bf2 Ne8 38. Nf1 Qf6 39. Ng3 Qf4 40. Nf5 Bxf5 41.
exf5 Nd6 42. Bd5 Re7 43. Rc6 e4 44. Kg2 Qe5 45. Be6 Rb7 46. Qd2 e3 47. Qxe3 Qb2
48. Qd3 Ne8 49. Rc8 Nf6 50. Rxf8 Kg7 51. Rxf6 1-0

[Event "FBL 1"]
[Site "?"]
[Date "2018.10.27"]
[Round "1.5"]
[White "Heinemann, Josefine"]
[Black "Gromova, Iulia"]
[Result "1/2-1/2"]
[WhiteElo "2308"]
[BlackElo "2237"]
[PlyCount "69"]
[EventDate "2018.10.27"]
[EventType "team-tourn"]
[EventCountry "GER"]
[WhiteTeam "Baden Baden OSG"]
[BlackTeam "Koenigshofen SC"]
[WhiteTeamCountry "GER"]
[BlackTeamCountry "GER"]

1. e4 c6 2. d4 d5 3. e5 Bf5 4. Nf3 e6 5. Be2 Ne7 6. O-O Nd7 7. Nbd2 Nc8 8. Nb3
Ncb6 9. Bd2 Na4 10. Qc1 Be7 11. Na5 Qc7 12. c4 dxc4 13. Nxc4 Nab6 14. Bg5 Nxc4
15. Bxe7 Ncxe5 16. dxe5 Kxe7 17. Qg5+ Kf8 18. Rad1 Be4 19. Rd6 Bd5 20. Nd4 h6
21. Qe3 Nb6 22. Qf4 Re8 23. Bf3 Kg8 24. Bxd5 exd5 25. Nf5 Rh7 26. Qg3 Kh8 27.
e6 Nc4 28. Rd7 Qxg3 29. Nxg3 fxe6 30. Rxb7 g5 31. Rxh7+ Kxh7 32. b3 Nd6 33. Rc1
Rc8 34. Re1 Re8 35. Rc1 1/2-1/2

[Event "FBL 1"]
[Site "?"]
[Date "2018.10.27"]
[Round "1.6"]
[White "Frey, Alisa"]
[Black "Haussernot, Cecile"]
[Result "0-1"]
[WhiteElo "2090"]
[BlackElo "2204"]
[PlyCount "54"]
[EventDate "2018.10.27"]
[EventType "team-tourn"]
[EventCountry "GER"]
[WhiteTeam "Koenigshofen SC"]
[BlackTeam "Baden Baden OSG"]
[WhiteTeamCountry "GER"]
[BlackTeamCountry "GER"]

1. e4 c5 2. Nf3 d6 3. d4 cxd4 4. Nxd4 Nf6 5. Nc3 a6 6. Be3 e5 7. Nb3 Be7 8. f3
Be6 9. Qd2 Nbd7 10. g4 b5 11. g5 Nh5 12. Nd5 Bxd5 13. exd5 f5 14. gxf6 Bxf6 15.
O-O-O O-O 16. Kb1 Nf4 17. Rg1 Nb6 18. Bxf4 exf4 19. Qxf4 Bxb2 20. Qg4 Na4 21.
Nd4 Rf7 22. Qe6 Qa5 23. Bxb5 Bxd4 24. Bxa4 Qxa4 25. Rg4 Rb8+ 26. Kc1 Qa3+ 27.
Kd2 Qc3+ 0-1

[Event "FBL 1"]
[Site "?"]
[Date "2018.10.27"]
[Round "1.1"]
[White "Bodnaruk, Anastasia"]
[Black "Burchardt, Brigitte"]
[Result "1-0"]
[WhiteElo "2423"]
[BlackElo "2205"]
[PlyCount "81"]
[EventDate "2018.10.27"]
[EventType "team-tourn"]
[EventCountry "GER"]
[WhiteTeam "Rodewischer Schachmiezen"]
[BlackTeam "Berlin SC Rotation Pankow"]
[WhiteTeamCountry "GER"]
[BlackTeamCountry "GER"]

1. e4 c5 2. Nf3 d6 3. d4 cxd4 4. Nxd4 Nf6 5. Nc3 a6 6. h3 g6 7. g4 Bg7 8. Bg2
Nfd7 9. O-O Nc6 10. Nde2 O-O 11. Be3 Rb8 12. Qd2 b5 13. Bh6 Nb6 14. Bxg7 Kxg7
15. b3 Bd7 16. Ng3 Nc8 17. f4 e5 18. f5 f6 19. h4 N6e7 20. g5 Ng8 21. Rf2 gxf5
22. exf5 Be8 23. Nge4 Kh8 24. Nd5 fxg5 25. hxg5 Bf7 26. f6 Qd7 27. Rd1 Bh5 28.
Re1 Bg6 29. Re3 Qa7 30. c3 Rf7 31. Bh3 Nb6 32. Nb4 d5 33. Nd6 Rc7 34. f7 Bxf7
35. Rxf7 d4 36. cxd4 Rxf7 37. Nc6 Qc7 38. Nxf7+ Qxf7 39. Nxb8 Qf4 40. Qf2 Qxg5+
41. Qg3 1-0

[Event "FBL 1"]
[Site "?"]
[Date "2018.10.27"]
[Round "1.2"]
[White "Jahn, Constanze"]
[Black "Theissl Pokorna, Regina"]
[Result "0-1"]
[WhiteElo "2084"]
[BlackElo "2306"]
[PlyCount "86"]
[EventDate "2018.10.27"]
[EventType "team-tourn"]
[EventCountry "GER"]
[WhiteTeam "Berlin SC Rotation Pankow"]
[BlackTeam "Rodewischer Schachmiezen"]
[WhiteTeamCountry "GER"]
[BlackTeamCountry "GER"]

1. e4 e5 2. Nf3 Nc6 3. Bc4 Bc5 4. c3 d6 5. O-O Nf6 6. b4 Bb6 7. a4 a5 8. b5 Ne7
9. d3 Ng6 10. Be3 Bxe3 11. fxe3 O-O 12. Ra2 c6 13. bxc6 bxc6 14. Rb2 d5 15.
exd5 cxd5 16. Bb5 Qc7 17. h3 h6 18. c4 Be6 19. Rc2 dxc4 20. Bxc4 Qb6 21. Qc1
Rfd8 22. Na3 Nd5 23. Bxd5 Bxd5 24. Ne1 Qb4 25. Nc4 Rab8 26. Qa1 e4 27. Ne5 Nxe5
28. Qxe5 Bb3 29. Rc3 Re8 30. Qc7 Rbc8 31. Qxc8 Rxc8 32. Rxc8+ Kh7 33. dxe4 Qxa4
34. Nf3 Qxe4 35. Rc3 a4 36. Nd2 Qb4 37. Rfc1 Be6 38. Nb1 Bf5 39. Nd2 a3 40. e4
a2 41. Nb3 Bxe4 42. Rc4 Qb6+ 43. Kh2 Bd5 0-1

[Event "FBL 1"]
[Site "?"]
[Date "2018.10.27"]
[Round "1.3"]
[White "Korenova, Martina"]
[Black "Wagner Michel, Annett"]
[Result "1-0"]
[WhiteElo "2144"]
[BlackElo "2120"]
[PlyCount "63"]
[EventDate "2018.10.27"]
[EventType "team-tourn"]
[EventCountry "GER"]
[WhiteTeam "Rodewischer Schachmiezen"]
[BlackTeam "Berlin SC Rotation Pankow"]
[WhiteTeamCountry "GER"]
[BlackTeamCountry "GER"]

1. e4 c5 2. Nf3 e6 3. c3 d6 4. d4 cxd4 5. cxd4 Nf6 6. Nc3 Be7 7. Bd3 O-O 8. O-O
h6 9. e5 Nd5 10. Nxd5 exd5 11. Bc2 Qc7 12. Qd3 g6 13. Bb3 Bf5 14. Qe3 g5 15.
Bxd5 Nc6 16. e6 f6 17. Bd2 Qb6 18. Bb3 Bg4 19. Bc3 Na5 20. Bc2 d5 21. h3 Bxf3
22. Qxf3 f5 23. Qxd5 Nc6 24. Rad1 Qc7 25. Qf3 Bd6 26. Qh5 Qg7 27. d5 Ne5 28.
Rfe1 g4 29. hxg4 Rac8 30. Bxf5 Rc4 31. Bxe5 Bxe5 32. Rxe5 1-0

[Event "FBL 1"]
[Site "?"]
[Date "2018.10.27"]
[Round "1.4"]
[White "Goehler, Antje"]
[Black "Miturova, Magdalena"]
[Result "0-1"]
[WhiteElo "2095"]
[BlackElo "2199"]
[PlyCount "78"]
[EventDate "2018.10.27"]
[EventType "team-tourn"]
[EventCountry "GER"]
[WhiteTeam "Berlin SC Rotation Pankow"]
[BlackTeam "Rodewischer Schachmiezen"]
[WhiteTeamCountry "GER"]
[BlackTeamCountry "GER"]

1. d4 Nf6 2. Nf3 e6 3. c4 Bb4+ 4. Bd2 a5 5. a3 Bxd2+ 6. Nbxd2 d6 7. e3 O-O 8.
Bd3 Re8 9. Qc2 e5 10. dxe5 dxe5 11. Ne4 Nbd7 12. Rd1 Qe7 13. O-O g6 14. Nfd2
Nxe4 15. Nxe4 f5 16. Nc3 c6 17. Na4 e4 18. Be2 Rb8 19. c5 Ne5 20. Nb6 Be6 21.
Qc3 Bf7 22. Qxa5 g5 23. Rd4 Rbd8 24. Rfd1 Rxd4 25. Rxd4 f4 26. Qc3 f3 27. Bf1
fxg2 28. Bxg2 Bg6 29. Rd6 Qf7 30. Qd4 Rf8 31. Qd2 Qf5 32. Nd7 Nf3+ 33. Bxf3
exf3 34. Rd4 Qh3 35. Nf6+ Rxf6 36. Rd8+ Kg7 37. Qd7+ Qxd7 38. Rxd7+ Rf7 39. Rd6
Bf5 0-1

[Event "FBL 1"]
[Site "?"]
[Date "2018.10.27"]
[Round "1.5"]
[White "Kubikova, Alena"]
[Black "Heyme, Sibylle"]
[Result "1/2-1/2"]
[WhiteElo "2107"]
[BlackElo "2029"]
[PlyCount "105"]
[EventDate "2018.10.27"]
[EventType "team-tourn"]
[EventCountry "GER"]
[WhiteTeam "Rodewischer Schachmiezen"]
[BlackTeam "Berlin SC Rotation Pankow"]
[WhiteTeamCountry "GER"]
[BlackTeamCountry "GER"]

1. e4 d6 2. d4 Nf6 3. f3 g6 4. Be3 Nbd7 5. c4 Bg7 6. Nc3 c6 7. Qd2 h5 8. h4 Qc7
9. O-O-O a6 10. Nh3 b5 11. c5 dxc5 12. dxc5 O-O 13. Ng5 a5 14. g4 a4 15. Ne2
Qa5 16. Qxa5 Rxa5 17. gxh5 Nxh5 18. Bh3 Ne5 19. Bxc8 Rxc8 20. Bd4 f6 21. Bxe5
fxe5 22. Rhg1 b4 23. Kb1 Bf6 24. Rd7 Rxc5 25. Ra7 Rb5 26. Rxa4 Rb7 27. Ne6 Kf7
28. Nc5 Rb5 29. Nd3 c5 30. b3 c4 31. bxc4 Rc7 32. c5 Rcxc5 33. Rd1 Rc4 34. Rc1
Rxc1+ 35. Nexc1 Nf4 36. Rxb4 Rxb4+ 37. Nxb4 Bxh4 38. a4 Bf2 39. a5 Ke6 40. Kc2
Kd7 41. Kb3 Ne6 42. Kc4 Ng5 43. Ncd3 Bd4 44. f4 Nxe4 45. Nxe5+ Bxe5 46. fxe5 e6
47. Kd4 Nd2 48. a6 Kc7 49. a7 Kb7 50. Nc6 Nb3+ 51. Ke3 Nc5 52. Kf4 Nd7 53. Nd8+
1/2-1/2

[Event "FBL 1"]
[Site "?"]
[Date "2018.10.27"]
[Round "1.6"]
[White "Mai, Iris"]
[Black "Kubikova, Hana"]
[Result "1/2-1/2"]
[WhiteElo "2011"]
[BlackElo "2048"]
[PlyCount "63"]
[EventDate "2018.10.27"]
[EventType "team-tourn"]
[EventCountry "GER"]
[WhiteTeam "Berlin SC Rotation Pankow"]
[BlackTeam "Rodewischer Schachmiezen"]
[WhiteTeamCountry "GER"]
[BlackTeamCountry "GER"]

1. d4 Nf6 2. c4 e6 3. Nc3 Bb4 4. Bd2 O-O 5. Nf3 b6 6. e3 Bb7 7. Bd3 d6 8. O-O
Nbd7 9. a3 Bxc3 10. Bxc3 e5 11. Nd2 Qe7 12. Re1 Rfe8 13. b3 exd4 14. exd4 Qxe1+
15. Qxe1 Rxe1+ 16. Rxe1 Re8 17. Rxe8+ Nxe8 18. Bf5 Nef6 19. d5 b5 20. f3 bxc4
21. bxc4 Ba6 22. Bc2 Nb6 23. Bb3 Nfd7 24. Bb4 Ne5 25. c5 dxc5 26. Bxc5 Nd3 27.
Be7 Nf4 28. d6 cxd6 29. Bxd6 Ne2+ 30. Kf2 Nd4 31. Ba2 Bb5 32. Bc5 1/2-1/2

[Event "FBL 1"]
[Site "?"]
[Date "2018.10.27"]
[Round "1.1"]
[White "Endress, Anna"]
[Black "Schleining, Zoya"]
[Result "0-1"]
[WhiteElo "2127"]
[BlackElo "2370"]
[PlyCount "102"]
[EventDate "2018.10.27"]
[EventType "team-tourn"]
[EventCountry "GER"]
[WhiteTeam "Norderstedt TuRa Harksheide"]
[BlackTeam "Deizisau SF"]
[WhiteTeamCountry "GER"]
[BlackTeamCountry "GER"]

1. e4 c5 2. d3 Nc6 3. Nd2 Nf6 4. g3 g6 5. Bg2 Bg7 6. Ngf3 d5 7. O-O O-O 8. Re1
b6 9. Qe2 e5 10. Nf1 d4 11. Nh4 Re8 12. h3 Bd7 13. Nh2 Qc8 14. g4 h6 15. Qf3
Nh7 16. Qg3 Nd8 17. N2f3 Qc7 18. g5 hxg5 19. Nxg5 Nxg5 20. Bxg5 Ne6 21. Nf3 Qd6
22. h4 f6 23. Bd2 Kf7 24. Bh3 Rh8 25. Bg4 Rag8 26. Kf1 Bh6 27. Bxh6 Rxh6 28.
Bxe6+ Qxe6 29. b3 Qg4 30. a4 a6 31. Kg2 Qh5 32. Rh1 Rhh8 33. Rag1 b5 34. a5 Rc8
35. Rb1 Qg4 36. Qxg4 Bxg4 37. Kg3 Be6 38. Nd2 Rh5 39. Rh2 g5 40. hxg5 Rxg5+ 41.
Kf3 Bg4+ 42. Kg2 Bd1+ 43. Kh1 Bxc2 44. Rg1 Rxg1+ 45. Kxg1 Rg8+ 46. Kh1 Bxd3 47.
Rh7+ Rg7 48. Rh8 c4 49. bxc4 bxc4 50. f3 c3 51. Nb3 Be2 0-1

[Event "FBL 1"]
[Site "?"]
[Date "2018.10.27"]
[Round "1.2"]
[White "Klek, Hanna Marie"]
[Black "Gosciniak, Maria"]
[Result "1-0"]
[WhiteElo "2278"]
[BlackElo "2070"]
[PlyCount "77"]
[EventDate "2018.10.27"]
[EventType "team-tourn"]
[EventCountry "GER"]
[WhiteTeam "Deizisau SF"]
[BlackTeam "Norderstedt TuRa Harksheide"]
[WhiteTeamCountry "GER"]
[BlackTeamCountry "GER"]

1. e4 Nf6 2. e5 Nd5 3. d4 d6 4. c4 Nb6 5. f4 dxe5 6. fxe5 Nc6 7. Be3 Bf5 8. Nc3
e6 9. Nf3 Be7 10. Be2 O-O 11. O-O f6 12. exf6 Bxf6 13. h3 h6 14. Qd2 Qe7 15.
Rad1 Rad8 16. Qc1 Bh7 17. Kh1 Kh8 18. Bg1 Rd7 19. Rfe1 Rfd8 20. c5 Nd5 21. Bc4
Qf7 22. Ne4 Be7 23. Bb5 Bxe4 24. Rxe4 Bf6 25. Rf1 Qg8 26. Qe1 Re7 27. Bf2 a6
28. Bc4 Ree8 29. a3 Qf7 30. Bh4 Qg6 31. Ba2 Bg5 32. Bxg5 hxg5 33. Bb1 Nce7 34.
Nxg5 Nf5 35. g4 Qxg5 36. gxf5 Nf6 37. Rh4+ Kg8 38. Rg1 exf5 39. Ba2+ 1-0

[Event "FBL 1"]
[Site "?"]
[Date "2018.10.27"]
[Round "1.3"]
[White "Brandt, Carina"]
[Black "Koepke, Elena"]
[Result "1/2-1/2"]
[WhiteElo "2087"]
[BlackElo "2271"]
[PlyCount "103"]
[EventDate "2018.10.27"]
[EventType "team-tourn"]
[EventCountry "GER"]
[WhiteTeam "Norderstedt TuRa Harksheide"]
[BlackTeam "Deizisau SF"]
[WhiteTeamCountry "GER"]
[BlackTeamCountry "GER"]

1. e4 d6 2. d4 Nf6 3. Nc3 g6 4. f3 Bg7 5. Be3 O-O 6. Qd2 e5 7. dxe5 dxe5 8.
O-O-O Qxd2+ 9. Rxd2 c6 10. Bc4 Nbd7 11. a4 Re8 12. Nge2 Nf8 13. Rhd1 Ne6 14.
Kb1 Bf8 15. Rd3 b6 16. Nc1 Rb8 17. a5 bxa5 18. Bxa7 Ra8 19. Bg1 a4 20. Bb6 Kg7
21. Bxe6 Rxe6 22. R3d2 a3 23. Nd3 axb2 24. Bc5 Re8 25. Bxf8+ Kxf8 26. Nc5 Be6
27. N3a4 Ke7 28. c3 Ra5 29. Rxb2 Bc8 30. Rb4 Rd8 31. Rxd8 Kxd8 32. Nd3 Nd7 33.
Nab2 f6 34. Nc4 Ra8 35. Ndb2 Ba6 36. Ra4 Kc7 37. Kc2 Bb7 38. Rxa8 Bxa8 39. Nd3
c5 40. Ne3 Kd6 41. Nb2 Ke6 42. c4 Bc6 43. Nd5 f5 44. Kd3 fxe4+ 45. fxe4 Nf6 46.
Nxf6 Kxf6 47. Nd1 Bd7 48. Nc3 h6 49. Nb5 Ke6 50. Nc7+ Kd6 51. Nd5 Ke6 52. Nc7+
1/2-1/2

[Event "FBL 1"]
[Site "?"]
[Date "2018.10.27"]
[Round "1.5"]
[White "Rosmait, Emily"]
[Black "Jelica, Mara"]
[Result "0-1"]
[WhiteElo "1910"]
[BlackElo "2162"]
[PlyCount "100"]
[EventDate "2018.10.27"]
[EventType "team-tourn"]
[EventCountry "GER"]
[WhiteTeam "Norderstedt TuRa Harksheide"]
[BlackTeam "Deizisau SF"]
[WhiteTeamCountry "GER"]
[BlackTeamCountry "GER"]

1. e4 c5 2. Nf3 d6 3. Bb5+ Bd7 4. Bxd7+ Nxd7 5. d4 cxd4 6. Qxd4 Qa5+ 7. Bd2 Qc5
8. O-O Ngf6 9. Nc3 Qxd4 10. Nxd4 Nc5 11. Rfe1 O-O-O 12. Bg5 h6 13. Bxf6 gxf6
14. Nd5 e6 15. Nc3 Bg7 16. Rad1 a6 17. a4 h5 18. h4 Rhg8 19. b4 Nd7 20. a5 Bh6
21. Na4 Kb8 22. Nf3 Bf4 23. g3 Rc8 24. Kf1 Ne5 25. Nd4 Bh6 26. Nb6 Rc3 27. Re2
Kc7 28. b5 Ra3 29. bxa6 Rxa5 30. axb7 Kxb6 31. Rb1+ Kc7 32. f4 Nd7 33. Re3 Rb8
34. Nb5+ Kc6 35. Nd4+ Kc7 36. Nb5+ Kxb7 37. Reb3 Kc6 38. Nd4+ Kc7 39. Nb5+ Kd8
40. Kg1 Ke7 41. Nd4 Rxb3 42. cxb3 Ra2 43. b4 Nb6 44. Rc1 Rb2 45. Rc7+ Ke8 46.
b5 Bg7 47. Rb7 f5 48. Nc6 Rxb5 49. Re7+ Kf8 50. Rb7 Ba1 0-1

[Event "FBL 1"]
[Site "?"]
[Date "2018.10.27"]
[Round "1.1"]
[White "Padmini, Rout"]
[Black "Vega Gutierrez, Sabrina"]
[Result "1/2-1/2"]
[WhiteElo "2338"]
[BlackElo "2404"]
[PlyCount "187"]
[EventDate "2018.10.27"]
[EventType "team-tourn"]
[EventCountry "GER"]
[WhiteTeam "Hamburger SK"]
[BlackTeam "Schwaebisch Hall SK"]
[WhiteTeamCountry "GER"]
[BlackTeamCountry "GER"]

1. e4 c5 2. Nf3 e6 3. d4 cxd4 4. Nxd4 Nf6 5. Nc3 d6 6. f4 Be7 7. Be3 O-O 8. Qf3
e5 9. Nf5 Bxf5 10. exf5 Nbd7 11. g4 d5 12. g5 d4 13. gxf6 Bxf6 14. Ne4 dxe3 15.
O-O-O Qe7 16. Rg1 Rad8 17. Bb5 Nb6 18. Qxe3 exf4 19. Nxf6+ Qxf6 20. Qxf4 a6 21.
Be2 Nd5 22. Qd4 Qxd4 23. Rxd4 Ne3 24. Rf4 Rfe8 25. Bd3 Re5 26. a4 Kf8 27. Rf3
Rd4 28. Rfg3 Nxf5 29. Bxf5 Rxf5 30. Rxg7 Rxa4 31. Rg8+ Ke7 32. R1g2 Rf1+ 33.
Kd2 Rd4+ 34. Kc3 Rd6 35. b3 Rf3+ 36. Kb2 Kd7 37. Rf8 Rg6 38. Rd2+ Kc7 39. Re2
Rd6 40. h4 Rd7 41. Rh8 f6 42. Rf8 Rf4 43. h5 Rh4 44. Rxf6 Rxh5 45. Ref2 Rg5 46.
Rh6 Rg6 47. Rh5 h6 48. Rfh2 Rdd6 49. c4 Kd7 50. Ka3 Ke7 51. R2h3 Kf7 52. Rf3+
Kg7 53. c5 Rd7 54. Rfh3 Rf7 55. R3h4 Rc7 56. Rh3 Rcc6 57. Rd5 Rcf6 58. Re3 Rf7
59. Ree5 b6 60. cxb6 Rxb6 61. Re3 Rg6 62. Rc3 Rb7 63. Re3 Rgb6 64. Rg3+ Kh7 65.
Rh3 Rg6 66. Rc5 Rbg7 67. Ra5 Re7 68. Rd5 Kg7 69. Rc5 Rb7 70. Rd5 Rg5 71. Rd6
Rg6 72. Rd5 Rg5 73. Rd6 Ra5+ 74. Kb2 h5 75. Rg3+ Kh7 76. Rgg6 Rab5 77. Rh6+ Kg7
78. Rhg6+ Kf7 79. Rgf6+ Kg8 80. Rg6+ Kh7 81. Rh6+ Kg8 82. Rhg6+ Rg7 83. Rxa6 h4
84. Rxg7+ Kxg7 85. Ra1 h3 86. Kc3 h2 87. Rh1 Rh5 88. Kd4 Kf6 89. Ke4 Kg5 90.
Kf3 Rh3+ 91. Kg2 Rxb3 92. Rxh2 Rb2+ 93. Kg3 Rxh2 94. Kxh2 1/2-1/2

[Event "FBL 1"]
[Site "?"]
[Date "2018.10.27"]
[Round "1.2"]
[White "Milliet, Sophie"]
[Black "Hoolt, Sarah"]
[Result "0-1"]
[WhiteElo "2389"]
[BlackElo "2355"]
[PlyCount "46"]
[EventDate "2018.10.27"]
[EventType "team-tourn"]
[EventCountry "GER"]
[WhiteTeam "Schwaebisch Hall SK"]
[BlackTeam "Hamburger SK"]
[WhiteTeamCountry "GER"]
[BlackTeamCountry "GER"]

1. e4 e6 2. d4 d5 3. Nc3 Nf6 4. e5 Nfd7 5. f4 c5 6. Nf3 Nc6 7. Be3 Be7 8. Qd2
O-O 9. dxc5 Nxc5 10. O-O-O a6 11. h4 b5 12. Bxc5 Bxc5 13. Bd3 b4 14. Bxh7+ Kxh7
15. Ng5+ Kg8 16. Qd3 g6 17. h5 Nxe5 18. Qh3 Kg7 19. Nce4 Be7 20. hxg6 Rh8 21.
Nh7 Nxg6 22. Ng3 Bh4 23. Nh5+ Kxh7 0-1

[Event "FBL 1"]
[Site "?"]
[Date "2018.10.27"]
[Round "1.3"]
[White "Osmanodja, Filiz"]
[Black "Ambartsumova, Karina"]
[Result "1-0"]
[WhiteElo "2348"]
[BlackElo "2379"]
[PlyCount "59"]
[EventDate "2018.10.27"]
[EventType "team-tourn"]
[EventCountry "GER"]
[WhiteTeam "Hamburger SK"]
[BlackTeam "Schwaebisch Hall SK"]
[WhiteTeamCountry "GER"]
[BlackTeamCountry "GER"]

1. e4 e5 2. Nf3 Nc6 3. Bb5 a6 4. Ba4 Nf6 5. Nc3 Bc5 6. d3 O-O 7. Bg5 b5 8. Bb3
Be7 9. h3 Na5 10. Qd2 Nxb3 11. axb3 Rb8 12. g4 d6 13. Ne2 Bb7 14. Ng3 d5 15.
Qe3 Re8 16. Nf5 Bf8 17. O-O-O a5 18. Bh4 a4 19. g5 Nh5 20. g6 f6 21. gxh7+ Kxh7
22. Rhg1 axb3 23. Ng5+ fxg5 24. Rxg5 Nf6 25. Rdg1 Re7 26. Qf3 dxe4 27. Rh5+
Nxh5 28. Qxh5+ Kg8 29. Nh6+ Kh8 30. Ng4+ 1-0

[Event "FBL 1"]
[Site "?"]
[Date "2018.10.27"]
[Round "1.4"]
[White "Videnova, Iva"]
[Black "Fuchs, Judith"]
[Result "1/2-1/2"]
[WhiteElo "2326"]
[BlackElo "2274"]
[PlyCount "93"]
[EventDate "2018.10.27"]
[EventType "team-tourn"]
[EventCountry "GER"]
[WhiteTeam "Schwaebisch Hall SK"]
[BlackTeam "Hamburger SK"]
[WhiteTeamCountry "GER"]
[BlackTeamCountry "GER"]

1. e4 c5 2. Nf3 d6 3. Nc3 Nf6 4. e5 dxe5 5. Nxe5 Nbd7 6. d4 e6 7. Bf4 Be7 8. d5
exd5 9. Nxd7 Bxd7 10. Nxd5 Nxd5 11. Qxd5 Bc6 12. Qxd8+ Rxd8 13. f3 Bh4+ 14. Bg3
Bf6 15. Rb1 O-O 16. Bd3 Rfe8+ 17. Kf1 a6 18. Bf2 Bb5 19. Bxb5 axb5 20. Re1
Rxe1+ 21. Kxe1 Bxb2 22. Ke2 Bd4 23. Bxd4 Rxd4 24. Rb1 b4 25. a3 g6 26. axb4
cxb4 27. Ke3 Rc4 28. Kd3 b5 29. Re1 Rc3+ 30. Kd2 Ra3 31. Re5 b3 32. Rxb5 bxc2
33. Rc5 h5 34. Rxc2 Ra5 35. Ke2 Kg7 36. Kf2 Ra4 37. g3 Rb4 38. h4 Ra4 39. Rd2
Rb4 40. Ke3 Rb1 41. Kf2 Rb4 42. Re2 Rb3 43. Kg2 Ra3 44. g4 hxg4 45. fxg4 Ra4
46. Kf3 Ra3+ 47. Kg2 1/2-1/2

[Event "FBL 1"]
[Site "?"]
[Date "2018.10.27"]
[Round "1.5"]
[White "Baciu, Diana"]
[Black "Papp, Petra"]
[Result "1/2-1/2"]
[WhiteElo "2266"]
[BlackElo "2334"]
[PlyCount "32"]
[EventDate "2018.10.27"]
[EventType "team-tourn"]
[EventCountry "GER"]
[WhiteTeam "Hamburger SK"]
[BlackTeam "Schwaebisch Hall SK"]
[WhiteTeamCountry "GER"]
[BlackTeamCountry "GER"]

1. e4 e5 2. Nf3 Nf6 3. Nxe5 d6 4. Nf3 Nxe4 5. c4 Nc6 6. Nc3 Nxc3 7. dxc3 g6 8.
Bg5 Be7 9. Bh6 Bf8 10. Be3 Bg7 11. Qd2 O-O 12. Be2 a5 13. Rd1 b6 14. h3 Bb7 15.
O-O Re8 16. Rfe1 a4 1/2-1/2

[Event "FBL 1"]
[Site "?"]
[Date "2018.10.27"]
[Round "1.1"]
[White "Schmidt, Jessica"]
[Black "Mar, Karmen"]
[Result "1-0"]
[WhiteElo "2278"]
[BlackElo "2107"]
[PlyCount "67"]
[EventDate "2018.10.27"]
[EventType "team-tourn"]
[EventCountry "GER"]
[WhiteTeam "Karlsruher SF"]
[BlackTeam "Hofheim SV"]
[WhiteTeamCountry "GER"]
[BlackTeamCountry "GER"]

1. d4 d5 2. c4 c6 3. Nf3 Nf6 4. Nc3 dxc4 5. a4 Bf5 6. e3 e6 7. Bxc4 Bb4 8. O-O
Nbd7 9. Qb3 a5 10. h3 Nb6 11. Be2 h6 12. Ne5 O-O 13. Bd3 Bxd3 14. Nxd3 Bd6 15.
e4 Nfd7 16. Be3 Re8 17. Rad1 Rb8 18. Rd2 Na8 19. Rfd1 b5 20. e5 Be7 21. axb5
cxb5 22. d5 a4 23. Qa2 exd5 24. Nxd5 Qc8 25. Bf4 Bg5 26. Qa3 Bxf4 27. N3xf4 Qc5
28. Nf6+ gxf6 29. Qg3+ Kh8 30. Rxd7 Qxe5 31. Rxf7 Qg5 32. Qxg5 fxg5 33. Ng6+
Kg8 34. Rdd7 1-0

[Event "FBL 1"]
[Site "?"]
[Date "2018.10.27"]
[Round "1.2"]
[White "Winterholler, Christina"]
[Black "Kiefhaber, Veronika"]
[Result "1/2-1/2"]
[WhiteElo "2053"]
[BlackElo "2171"]
[PlyCount "98"]
[EventDate "2018.10.27"]
[EventType "team-tourn"]
[EventCountry "GER"]
[WhiteTeam "Hofheim SV"]
[BlackTeam "Karlsruher SF"]
[WhiteTeamCountry "GER"]
[BlackTeamCountry "GER"]

1. e4 c5 2. Nf3 g6 3. d4 cxd4 4. Qxd4 Nf6 5. Bb5 Nc6 6. Bxc6 bxc6 7. O-O Bg7 8.
c4 d6 9. Nc3 O-O 10. Bg5 Be6 11. Qd3 Rb8 12. Rab1 Qa5 13. Bd2 Qa6 14. b3 d5 15.
Ng5 dxe4 16. Qc2 Bf5 17. Be3 Ng4 18. Ncxe4 h6 19. Nf3 Nxe3 20. fxe3 Bxe4 21.
Qxe4 Qxa2 22. b4 e6 23. Rfc1 Rfc8 24. Rf1 Qa3 25. b5 cxb5 26. Rxb5 Rxb5 27.
cxb5 Qc5 28. Rb1 Qb6 29. Kf2 Rc5 30. Qa4 Rc3 31. Qe4 Kh7 32. g4 f5 33. gxf5
exf5 34. Qf4 Qe6 35. Re1 Rc2+ 36. Re2 Rxe2+ 37. Kxe2 Qa2+ 38. Nd2 Qe6 39. Qc7
Qe5 40. Qxe5 Bxe5 41. h3 Kg7 42. Kf3 Kf6 43. e4 g5 44. Nc4 h5 45. exf5 Kxf5 46.
b6 axb6 47. Nxb6 Bd4 48. Nc4 Bc5 49. Nd2 Bb6 1/2-1/2